• 首页
  • 本馆介绍
  • 公告通知
  • 最新文献
  • 馆藏检索
  • 电子资源
  • 读者导购
  • 参考咨询
  • 我的图书馆
  • 登录
  • 详细信息显示
  • 放入我的书架
  • 预约/预借图书
  • 作者相关作品
  • 分类相关作品
  • 丛书相关作品
  • 出版社相关作品

书目信息

  • 表格格式
  • 工作单格式
  • 卡片格式
题名:
地球
    
 
作者: 斯图尔特 , 林奇 著 ;王昭力 , 聂永革 , 张真真 译
分册:  
出版信息: 重庆   重庆出版社  2017.04
页数: 226页
开本: 28cm
丛书名:
单 册:
中图分类: P183-49
科图分类:
主题词: 地球--di qiu--普及读物
电子资源:
ISBN: 978-7-229-11842-6
000 01590nam0 2200337 450
001 0400006853
005 20171108160542.0
010    @a978-7-229-11842-6@b精装@dCNY99.00
100    @a20170802d2017 em y0chiy50 ea
101 1  @achi@ceng
102    @aCN@b500000
105    @aa z 000yy
106    @ar
200 1  @a地球@Adi qiu@Adi qiu@e行星的力量@dEarth@f(英)伊恩·斯图尔特(Iain Stewart),(英)约翰·林奇(John Lynch)著@g王昭力,聂永革,张真真译@zeng
210    @a重庆@c重庆出版社@d2017.04
215    @a226页@c彩照@d28cm
300    @aBBC科普三部曲
314    @a伊恩·斯图尔特 (Iain Stewart),地质学家,苏格兰皇家地质学会会长,普利茅斯大学地质学教授,联合国教育科学及文化组织国际地质项目学术委员。因制作《地球:行星的力量》而为公众所熟知,并获得英国电影与电视艺术奖提名。
314    @a约翰·林奇 (John Lynch),BBC科学历史组主任。作品包括《地平线》《与恐龙同行》等。
330    @a本书是一本探索地球与生命的科普读物。书中讲述了地球的诞生历程,以及地球如何通过自身的循环系统来维系生命。全书六个章节分别讲述太空中的碰撞、地球内部的热动机、大气层、海洋、冰川,以及它们在维系地球生命过程中所发挥的重要作用。
510 1  @aEarth@ethe power of the planet@zeng
517 1  @a行星的力量@Axing xing de li liang
606 0  @a地球@Adi qiu@j普及读物
690    @aP183-49@v5
701  1 @c(英)@a斯图尔特@Asi tu er te@bI.@g(Stewart, Iain)@4著
701  1 @c(英)@a林奇@Alin qi@bJ.@g(Lynch, John)@4著
702  0 @a王昭力@Awang zhao li@4译
702  0 @a聂永革@Anie yong ge@4译
702  0 @a张真真@Azhang zhen zhen@4译
801  0 @aCN@b上海新华@c20171107
905    @b1027461-5@dP183-49@e204@f5
    
    地球:行星的力量=Earth/(英)伊恩·斯图尔特(Iain Stewart),(英)约翰·林奇(John Lynch)著/王昭力,聂永革,张真真译.-重庆:重庆出版社,2017.04
    226页:彩照;28cm
    BBC科普三部曲
    
    ISBN 978-7-229-11842-6(精装):CNY99.00
    本书是一本探索地球与生命的科普读物。书中讲述了地球的诞生历程,以及地球如何通过自身的循环系统来维系生命。全书六个章节分别讲述太空中的碰撞、地球内部的热动机、大气层、海洋、冰川,以及它们在维系地球生命过程中所发挥的重要作用。
●
相关链接 在E读中查询图书 在五车中查询图书 在当当中查询图书 在豆瓣中查询图书


正题名:地球     索取号:P183-49/204         预约/预借

序号 登录号 条形码 馆藏地/架位号 状态 备注
1 1024476   210244760   第二样本阅览室/ [索取号:P183-49/204] 在馆    
2 1024477   210244779   第三借阅区/ [索取号:P183-49/204] 在馆    
3 1024478   210244788   第三借阅区/ [索取号:P183-49/204] 在馆    
4 1024479   210244797   第三借阅区/ [索取号:P183-49/204] 在馆    
5 1024480   210244804   密集书库-生命科学系/ [索取号:P183-49/204] 在馆    
唐山师范学院图书馆 欢迎您!
大连网信软件有限公司© 版权所有